Asomor samasamayik rajneeti/ (Record no. 11219)

MARC details
000 -LEADER
fixed length control field 00643nam a22002297a 4500
005 - DATE AND TIME OF LATEST TRANSACTION
control field 20211111113608.0
008 - FIXED-LENGTH DATA ELEMENTS--GENERAL INFORMATION
fixed length control field 211111b ||||| |||| 00| 0 eng d
020 ## - INTERNATIONAL STANDARD BOOK NUMBER
International Standard Book Number 9789391527068
040 ## - CATALOGING SOURCE
Original cataloging agency IN-DiNC
Transcribing agency IN-DiNC
041 ## - LANGUAGE CODE
Language code of sung or spoken text Assamese
082 ## - DEWEY DECIMAL CLASSIFICATION NUMBER
Classification number 320.954162
Item number ASO
245 ## - TITLE STATEMENT
Title Asomor samasamayik rajneeti/
Statement of responsibility, etc. by Nabin Gohain and others
250 ## - EDITION STATEMENT
Edition statement 1st ed.
260 ## - PUBLICATION, DISTRIBUTION, ETC.
Place of publication, distribution, etc. Jorhat:
Name of publisher, distributor, etc. Bidya bhawan,
Date of publication, distribution, etc. 2021
300 ## - PHYSICAL DESCRIPTION
Extent 347p.
650 ## - SUBJECT ADDED ENTRY--TOPICAL TERM
Topical term or geographic name entry element Contemporary politics in Assam
700 ## - ADDED ENTRY--PERSONAL NAME
Personal name Gohain, Nabin
Relator term Author
700 ## - ADDED ENTRY--PERSONAL NAME
Personal name Bora, Pankaj
Relator term Author
700 ## - ADDED ENTRY--PERSONAL NAME
Personal name Gogoi, Trailukya
Relator term Author
700 ## - ADDED ENTRY--PERSONAL NAME
Personal name Saikia, Pranjit
Relator term Author
942 ## - ADDED ENTRY ELEMENTS (KOHA)
Source of classification or shelving scheme Dewey Decimal Classification
Koha item type Books
Holdings
Withdrawn status Lost status Source of classification or shelving scheme Damaged status Not for loan Collection code Home library Current library Shelving location Date acquired Cost, normal purchase price Total Checkouts Full call number Barcode Date last seen Date last checked out Copy number Price effective from Koha item type
    Dewey Decimal Classification     Political Science Central Library, Naharkatiya College Central Library, Naharkatiya College General Stacks 11/11/2021 300.00 23 320.954162 ASO 28720 21/11/2024 26/09/2024 1 11/11/2021 Books
    Dewey Decimal Classification     Political Science Central Library, Naharkatiya College Central Library, Naharkatiya College General Stacks 11/11/2021 300.00 33 320.954162 ASO 28721 21/11/2024 03/09/2024 2 11/11/2021 Books

Naharkatiya College © 2020. All rights reserved.

Powered By